[Event "EST-ch int"]
[Site "Puhajarve"]
[Date "2001.08.14"]
[Round "7"]
[White "Narva, Jaan"]
[Black "Lauk, Ular"]
[Result "1/2-1/2"]
[WhiteElo "2313"]
[BlackElo "2346"]
[PlyCount "68"]
[EventDate "2001.08.08"]
[EventType "tourn"]
[EventRounds "11"]
[EventCountry "EST"]
[EventCategory "9"]
[SourceTitle "CBM 085"]
[Source "ChessBase"]
[SourceDate "2001.11.13"]
[SourceVersion "1"]
[SourceVersionDate "2001.11.13"]
[SourceQuality "1"]

1. d4 Nf6 2. Nf3 d6 3. c4 Bg4 4. Qb3 Qc8 5. h3 Bh5 6. Bg5 Nbd7 7. Nbd2 h6 8. Be3 e6 9. g3 Bg6 10. Bg2 c6 11. 0-0 Be7 12. a4 0-0 13. a5 a6 14. Rfc1 Re8 15. Qa4 Qc7 16. b4 Rac8 17. Nb3 Qb8 18. Nfd2 Bf8 19. b5 cxb5 20. cxb5 Rxc1+ 21. Rxc1 Rc8 22. Nc4 d5 23. Bf4 axb5 24. Qxb5 Qa7 25. Nb6 Rxc1+ 26. Bxc1 Qa6 27. Qxa6 bxa6 28. Bd2 Bd6 29. Bf1 Bc2 30. Na1 Nxb6 31. axb6 Ba4 32. e3 Nd7 33. Bxa6 Nxb6 34. Bd3 Kf8 1/2-1/2